Право інтелектуальної власності (Запис № 340857)

МАРК-запис
000 -Лідер
fixed length control field 01508nam a22002417a 4500
001 - Контрольний номер
control field 54777
003 - Ідентифікатор контрольного номера
control field UA-OsUOA
005 - Дата та час останнього входження (трансакції)
control field 20230504161253.0
007 - Фіксоване поле фізичного опису
fixed length control field ta
008 - Елементи даних фіксованої довжини – загальна інформація
fixed length control field 20080715b un ||||| |||| 00| 0 ukr d
040 ## - Джерело каталогізації
Агенція оригінальної каталогізації UA-OsUOA
Мова каталогізації ukr
Агенція, яка здійснювала перезапис UA-OsUOA
Агенція, яка здійснювала модифікацію UA-OsUOA
041 ## - Код мови
Код мови тексту/ звукової доріжки чи окремого заголовка (П) ukr
080 ## - Індекс Універсальної десяткової класифікації
Індекс Універсальної десяткової класифікації (УДК) (НП) 347.23(477)(075.8)
090 ## - Локальний шифр розміщення
Класифікаційний індекс УДК 347.23(477)(075.8)
Авторський знак (НП) П68
245 ## - Відомості про назву
Назва (НП) Право інтелектуальної власності
Дані про відповідальність (НП) О. П. Орлюк
260 ## - Публікація, розповсюдження і т.п. (Вихідні дані)
Місце публікації, розповсюдження і т.п. (П) К.
Ім’я/ наймення видавництва, розповсюджувача і т.п. (П) Академія
Дата публікації, розповсюдження і т.п. (П) 2007
300 ## - Фізичний опис
Обсяг 696 с.
520 ## - Резюме і т.п.
Резюме, реферат, анотація, тощо (НП) Зростання ролі права інтелектуальної власності в житті суспільства зумовлює необхідність ґрунтовного ознайомлення студентів вищих навчальних закладів з основними положеннями чинного законодавства України про інтелектуальну власність, історією становлення права інтелектуальної власності, його об’єктами та суб’єктами, особистими немайновими і майновими правами суб’єктів права, способами їх використання та захисту.
650 #7 - Додаткове предметне введення – тематичний термін
Тематичний термін чи географічна назва, як елемент введення (НП) 347 Цивільне право. Судовий устрій
Джерело заголовка чи терміна UDC
942 ## - Додаткові елементи входу (Коха)
Тип елемента Koha Книги
Source of classification or shelving scheme Universal Decimal Classification
955 ## - Код типу видання за змістом
Код типу видання за змістом (НП) Навчальні видання
Фонди
Стан вилучень Стан втрат Джерело класифікації або схеми стелажів Стан уражень Не для кредиту Постійне місце розташування Поточне розміщення Дата придбання Джерело придбання Вартість, звичайна ціна покупки Інвентарний номер Усього замовленно Повний номер виклику Штрих-код Дата останнього перегляду Ціна ефективна від Тип елемента Koha
    Universal Decimal Classification     ЧЗ - Читальна зала ЧЗ - Читальна зала 15/07/2008 88/2008 102.60 113921   347.23(477)(075.8) П68 113921 09/02/2022 15/07/2008 Книги